000 01125nam a2200289Ia 4500
005 20250425162126.0
008 250425s9999 xx 000 0 und d
020 _a8448108035
041 _aspa
082 _a658.18
100 _aGOMEZ GRAS, JOSE MARIA
245 0 _aESTRATEGIAS PARA LA COMPETIVIDAD DE LAS PYME: ESPECIAL REFERENCIA AL PROCESO DE CREACION D EMPRESAS
250 _a1A ED.
260 _aEspaña
_bMCGRAW HILL
_c1997
260 _aMADRID
300 _a193
500 _aEN CIBGZ-FIMCP 50175 PARA ING. MECANICA E ING. IND. Y CC. DE LA PRODUCCION
520 _aESTE LIBRO ANALIZA EL PROCESO QUE DEBE SEGUIR TODO EMPRESARIO CUANDO SE PLANTEA UNA ACTUACION COMPETITIVA, CENTRANDOSE EN EL ASPECTO ESTRATEGICO QUE DEBE PRESIDIR LA CONSIDERACION DE LA OPORTUNIDAD DE NEGOCIO COMO ACTIVIDAD EMPRESARIAL.CONTENIDO:PROBLEMA
650 _aCRISIS ECONOMICA
650 _aCRISIS ECONOMICA
650 _aEMPRESAS PEQUEÑAS-ADMINISTRACION
650 _aEMPRESAS PEQUEÑAS-ADMINISTRACION
650 _aESTRATEGIAS COMPETITIVAS
650 _aESTRATEGIAS COMPETITIVAS
942 _c01
010 _a51438
999 _c222845
_d222845